000 00773cam a2200241u 4500
999 _c130297
_d130297
001 7515677
003 ARRUPE
005 20200204123101.0
008 820301s1964 enkac 000 0 spa
010 _a 64007189
040 _aDLC
_cCarP
_dDLC
043 _ae-uk---
050 0 0 _aDA690.W76
_bH46
100 1 _aHibbert, Christopher,
_d1924-2008.
_949137
245 1 4 _aThe court at Windsor,
_ba domestic history.
_cChristopher Hibbert
260 _a[London]
_bLongmans
_c[1964]
300 _axx, 347 p.
_billus., ports.
_c23 cm.
610 2 0 _aWindsor Castle
_xHistory.
_949356
651 0 _aGreat Britain
_xKings and rulers.
_9496
651 0 _aGreat Britain
_xCourt and courtiers.
_948984
906 _a0
_bcbc
_cpremunv
_du
_encip
_f19
_gy-gencatlg
942 _2lcc
_cMONOGRAPH